000 00273pab a2200121 454500
008 180718b xxu||||| |||| 00| 0 eng d
100 _aSingh Satyindra
245 _aOur unchanging police
362 _a19 Oct 93, p.8
650 _aPolice
773 _aTribune
909 _a25864
999 _c25864
_d25864